|
|
|
|
| LEADER |
02318nam a2200613 4500 |
| 001 |
ocn898213752 |
| 003 |
OCoLC |
| 005 |
20170124070144.4 |
| 006 |
m o d |
| 007 |
cr cnu|||unuuu |
| 008 |
141217s2015 enk ob 001 0 eng d |
| 040 |
|
|
|a N$T
|b eng
|e rda
|e pn
|c N$T
|d EBLCP
|d N$T
|d OPELS
|d E7B
|d OCLCF
|d YDXCP
|d DEBSZ
|d COO
|d OHI
|d DEBBG
|d GrThAP
|
| 020 |
|
|
|a 9781119073178
|q electronic bk.
|
| 020 |
|
|
|a 1119073170
|q electronic bk.
|
| 020 |
|
|
|a 9781119073161
|q electronic bk.
|
| 020 |
|
|
|a 1119073162
|q electronic bk.
|
| 020 |
|
|
|z 9781848217461
|
| 020 |
|
|
|a 9781119073154
|
| 020 |
|
|
|a 1119073154
|
| 020 |
|
|
|a 1848217463
|
| 020 |
|
|
|a 9781848217461
|
| 029 |
1 |
|
|a NZ1
|b 15913615
|
| 029 |
1 |
|
|a CHVBK
|b 334095352
|
| 029 |
1 |
|
|a CHBIS
|b 010442304
|
| 029 |
1 |
|
|a DEBSZ
|b 43187123X
|
| 029 |
1 |
|
|a AU@
|b 000054954837
|
| 029 |
1 |
|
|a DEBSZ
|b 449476219
|
| 029 |
1 |
|
|a DEBBG
|b BV043615793
|
| 029 |
1 |
|
|a GBVCP
|b 863147186
|
| 029 |
1 |
|
|a DEBBG
|b BV043397386
|
| 035 |
|
|
|a (OCoLC)898213752
|
| 050 |
|
4 |
|a TK5102.92
|
| 072 |
|
7 |
|a TEC
|x 009070
|2 bisacsh
|
| 082 |
0 |
4 |
|a 621.3822
|2 23
|
| 049 |
|
|
|a MAIN
|
| 100 |
1 |
|
|a Anjum, Bushra,
|e author.
|
| 245 |
1 |
0 |
|a Bandwidth allocation for video under quality of service constraints /
|c Bushra Anjum, Harry Perros.
|
| 264 |
|
1 |
|a London :
|b ISTE,
|c 2015.
|
| 300 |
|
|
|a 1 online resource.
|
| 336 |
|
|
|a text
|b txt
|2 rdacontent
|
| 337 |
|
|
|a computer
|b c
|2 rdamedia
|
| 338 |
|
|
|a online resource
|b cr
|2 rdacarrier
|
| 490 |
1 |
|
|a Focus series in networks and telecommunications
|
| 504 |
|
|
|a Includes bibliographical references and index.
|
| 650 |
|
0 |
|a Data compression (Telecommunication)
|
| 650 |
|
7 |
|a TECHNOLOGY & ENGINEERING / Mechanical
|2 bisacsh
|
| 650 |
|
7 |
|a Data compression (Telecommunication)
|2 fast
|0 (OCoLC)fst00887922
|
| 655 |
|
4 |
|a Electronic books.
|
| 655 |
|
0 |
|a Electronic books.
|
| 700 |
1 |
|
|a Perros, Harry G.,
|e author.
|
| 776 |
0 |
8 |
|i Print version:
|a Anjum, Bushra.
|t Bandwidth allocation for video under quality of service constraints.
|d London, England ; Hoboken, New Jersey : ISTE : Wiley, c2015
|h xxxv, 110 pages
|k Focus series in networks and telecommunications.
|z 9781848217461
|w (DLC) 2014955864
|
| 830 |
|
0 |
|a Focus series in networks and telecommunications.
|
| 856 |
4 |
0 |
|u https://doi.org/10.1002/9781119073178
|z Full Text via HEAL-Link
|
| 994 |
|
|
|a 92
|b DG1
|